Ikhtisar peranan pengarah.
| Main Author: | |
|---|---|
| Format: | Book |
| Published: |
Seremban:
Dewan Perniagaan Melayu Malaysia, Cawangan Negeri Sembilan,
2002.
|
| Subjects: |
| LEADER | 00517cam a2200169 7i4500 | ||
|---|---|---|---|
| 001 | 0000013133 | ||
| 005 | 20031225090000.0 | ||
| 020 | 0 | 0 | |a 9834011628 |
| 090 | 0 | 0 | |a B 658.422 |b IKH |
| 100 | 1 | 0 | |a Abdul Murad Ahmad |
| 245 | 1 | 0 | |a Ikhtisar peranan pengarah. |
| 260 | 0 | 0 | |a Seremban: |b Dewan Perniagaan Melayu Malaysia, Cawangan Negeri Sembilan, |c 2002. |
| 300 | # | # | |a 215 p. |
| 650 | 0 | 0 | |a Business ethics |
| 650 | 0 | 0 | |a Directors of corporations |
| 650 | 0 | 0 | |a Corporate management |
| 999 | |a 0000013555 |b Book |c Book |e Business Information Centre | ||


